| 000 | 00687nmc a2200277 a 4500 | ||
|---|---|---|---|
| 003 | AR-BaBNM | ||
| 005 | 20251128211725.0 | ||
| 008 | 016020s2005 ||||||||||||||000 | spa|| | ||
| 020 | _a950-563-702-0 | ||
| 040 | _cAR-BaBNM | ||
| 100 | 0 | _aSaki | |
| 245 | 1 | 0 | _aEl cuentista y Tobermory |
| 250 | _a1ª ed. | ||
| 260 |
_aBuenos Aires _bColihue _c2005 |
||
| 300 | 0 |
_a40 p. _bil. |
|
| 490 | 0 | _aLos grandes para los chicos | |
| 650 | 4 | _aLITERATURA INGLESA | |
| 650 | 4 | _aCUENTOS | |
| 650 | 4 | _aLITERATURA INFANTIL | |
| 653 | 0 | _aLITERATURA JUVENIL | |
| 655 | _aLITERATURA | ||
| 700 | 1 |
_aViola, Liliana _eeditor |
|
| 700 | 0 |
_aSanyú _eilustrador |
|
| 942 | _cBK | ||
| 998 | _cmartin | ||
| 999 |
_c20859 _d20859 |
||